000 00585nam a2200205 a 4500
999 _c5397
_d5397
003 PK-NaQUE
005 20250715115830.0
008 241226b ||||| |||| 00| 0 eng d
020 _a007070709X (paperback)
020 _a9780070707092 (paperback)
040 _cQUEST
100 1 _aSinvhal, Amita.
245 1 0 _aUnderstanding Earthquake Disasters /
260 _a[S.l.] :
_b20100801,
_c2010.
300 _a320 p. ;
650 _aEarthquakes.
650 _aEarthquake hazard analysis.
856 4 0 _uhttp://10.10.170.122:8080/browse/book/26195
_yDownload eBook
942 _cBK
_2ddc